Quiz sur les races de chiens - Statistiques

Statistiques générales
  • Ce quiz a été pris 1 260 fois
  • Le résultat moyen est 7 sur 12
Statistiques - réponses
Par images Réponse % Correct
Labrador
93%
Berger Allemand
91%
Doberman
79%
Chihuahua
70%
Carlin
66%
Bouledogue
64%
Shiba Inu
61%
Border Collie
58%
Terre-Neuve
55%
Lévrier Afghan
38%
Husky de Sibérie
30%
Puli
14%
Aucun quiz correspondant
Distribution des résultats
% des personnes avec chaque résultat
Percentile par nombre de réponses
Votre historique - résultats
Vous n’avez pas pris ce quiz